| 000 | 00796cam a2200205 4500 | ||
|---|---|---|---|
| 001 | WB3742-30 | ||
| 008 | 011107n2001 000 0 eng u | ||
| 035 | _a(Sirsi) u115517 | ||
| 245 | _aCorporates tire of playing percentages | ||
| 260 | _c2001 | ||
| 490 |
_aEstates Gazette _v(0144) 3 November 2001, 43(1) |
||
| 520 | _aCorporate real estate managers have condemned traditional agency fee structures as inflexible, inefficient and outdated. According to research conducted at the Property Forum in October 2001, delegates want to see other forms of remuneration for their consultants. | ||
| 590 | _aWB | ||
| 650 | _aCORPORATE REAL ESTATE | ||
| 650 | _aCONSULTANTS | ||
| 650 | _aPROPERTY FORUM | ||
| 650 | _aFEES | ||
| 690 | _aPROPERTY MANAGEMENT-CORPORATE REAL ESTATE | ||
| 942 | _n0 | ||
| 999 |
_c68803 _d68803 |
||